| 000 | 01224nam a2200325 i 4500 | ||
|---|---|---|---|
| 003 | OSt | ||
| 005 | 20250310124747.0 | ||
| 008 | 250227s2024 my o gr 000 0 may | ||
| 020 |
_a9786297556918 _qpaperback _cRM 25.00 |
||
| 040 |
_aPPAK _beng _cPPAK _erda |
||
| 082 | 0 | 4 |
_a297.5 _223 |
| 090 | 0 | 0 |
_a297.5 _bSIT _dG |
| 100 | 0 |
_aSiti Aminah Sulieman, _eauthor. |
|
| 245 | 1 | 0 |
_a ASAS-ASAS FARDHU AIN Wanita / _cUSTAZAH SITI AMINAH SULIEMAN ; Editor Nurhajar Nafi'ah, Zuber. |
| 246 | 0 | 4 |
_aAsas-asas fardhu ain wanita : _bHukum-hakam berkaitan thaharah, darah wanita, solat, puasa, zakat, haji dan umrah. |
| 264 | 1 |
_aPetaling Jaya, Selangor : _bGALERI ILMU SDN. BHD., _c2024 |
|
| 300 |
_axiv, 202 pages : _bphotographs ; _c22 cm. |
||
| 336 |
_atext _2rdacontent |
||
| 336 |
_astill image _2rdacontent |
||
| 337 |
_aunmediated _2rdamedia |
||
| 338 |
_avolume _2rdacarrier |
||
| 500 | _aContains verses from the Qur'an and quotes from the Hadith. | ||
| 650 | 1 | 0 |
_aIslam _xCustoms and practices |
| 650 | 2 | 0 |
_aReligious life _xIslam |
| 650 | 2 | 0 |
_aMuslims _xConduct of life |
| 650 | 2 | 0 | _aPillars of Islam |
| 700 | 0 |
_aNurhajar Nafi'ah, _eeditor. |
|
| 700 | 0 |
_aZuber, _eeditor. |
|
| 942 |
_2ddc _cB |
||
| 999 |
_c199073 _d199073 |
||